000 00498cam a22001577a 4500
001 13143260
005 20250124142514.0
008 030331s2003 ilua b 001 0 eng
020 _a0866888179
050 0 0 _aMLCM 2006/02664 (R)
245 0 4 _aThe Joint Commission guide to managing the Statement of Conditions.
260 _aOakbrook Terrace, Ill. :
_bJoint Commission Resources,
_cc2003.
300 _a164 p. :
_bill. ;
_c28 cm.
710 2 _aJoint Commission Resources, Inc.
942 _2lcc
_cBK
_n0
999 _c3036
_d3036